The infallibility of the Torah and the Gospel / (Record no. 5901)

MARC details
000 -LEADER
fixed length control field 00609nam a22002057a 4500
003 - CONTROL NUMBER IDENTIFIER
control field GBCCL
005 - DATE AND TIME OF LATEST TRANSACTION
control field 20241126110552.0
008 - FIXED-LENGTH DATA ELEMENTS--GENERAL INFORMATION
fixed length control field 180417b ||||| |||| 00| 0 eng d
040 ## - CATALOGING SOURCE
Transcribing agency gbc
082 ## - DEWEY DECIMAL CLASSIFICATION NUMBER
Classification number 261.27
Item number JAD
100 ## - MAIN ENTRY--PERSONAL NAME
Personal name Jadeed, Iskander
9 (RLIN) 10673
245 ## - TITLE STATEMENT
Title The infallibility of the Torah and the Gospel /
Statement of responsibility, etc. Iskander Jadeed
250 ## - EDITION STATEMENT
Edition statement 3rd ed.
260 ## - PUBLICATION, DISTRIBUTION, ETC.
Place of publication, distribution, etc. Switzerland:
Name of publisher, distributor, etc. Good Way
300 ## - PHYSICAL DESCRIPTION
Extent 64 p.;
Other physical details ill.,
Dimensions 16 cm.
650 ## - SUBJECT ADDED ENTRY--TOPICAL TERM
Topical term or geographic name entry element Bible
Form subdivision Evidences, authority, etc.
9 (RLIN) 10674
650 ## - SUBJECT ADDED ENTRY--TOPICAL TERM
Topical term or geographic name entry element Quran
Form subdivision Relation to the Bible
9 (RLIN) 10675
650 ## - SUBJECT ADDED ENTRY--TOPICAL TERM
Topical term or geographic name entry element Islam
Form subdivision Relation
General subdivision Christianity
9 (RLIN) 10676
942 ## - ADDED ENTRY ELEMENTS (KOHA)
Source of classification or shelving scheme Dewey Decimal Classification
Koha item type Books
Holdings
Withdrawn status Lost status Source of classification or shelving scheme Damaged status Not for loan Home library Current Library Shelving location Date acquired Total checkouts Full call number Barcode Date last seen Copy number Price effective from Koha item type
    Dewey Decimal Classification     GRACE BIBLE COLLEGE GRACE BIBLE COLLEGE Ministry & Mission 2018-04-17   261.27 JAD 005658 2025-05-01 c.1 2018-04-17 Books
    Dewey Decimal Classification     GRACE BIBLE COLLEGE GRACE BIBLE COLLEGE Ministry & Mission 2018-05-02   261.27 JAD 005663 2025-05-01 c.2 2018-05-02 Books
    Dewey Decimal Classification     GRACE BIBLE COLLEGE GRACE BIBLE COLLEGE Ministry & Mission 2018-08-28   261.27 JAD 005674 2025-05-01 c.3 2018-08-28 Books
© Grace Bible College Library 2025